Pokémon - Les attaques de Meloetta - Statistiques

Statistiques générales
  • Ce quiz a été pris 28 fois
    10 depuis la dernière actualisation
  • Le résultat moyen est 9 sur 15
Statistiques - réponses
Niveaux Types Noms des attaques % Correct
Départ Normal Chant Canon
100%
Niveau 43 Insecte Demi-Tour
100%
Niveau 50 Normal Chant Antique
80%
Départ Psy Choc Mental
80%
Niveau 36 Normal Écho
80%
Niveau 64 Normal Mégaphone
80%
Niveau 57 Psy Psyko
80%
Niveau 31 Psy Rafale Psy
80%
Niveau 26 Vol Acrobatie
60%
Départ Normal Berceuse
60%
Niveau 78 Combat Close Combat
60%
Niveau 21 Normal Danse-Folle
20%
Niveau 85 Normal Requiem
20%
Départ Normal Vive-Attaque
20%
Niveau 71 Psy Imitation
0%
Aucun quiz correspondant
Distribution des résultats
% des personnes avec chaque résultat
Percentile par nombre de réponses
Votre historique - résultats
Vous n’avez pas pris ce quiz depuis la dernière actualisation